Sports Quiz

Random Sports or NBA Quiz

NBA Career Scoring Leader by Highest PPG (25.0+) Quiz Stats

 Plays Quiz not verified by Sporcle

Score 0/60 Timer 12:00
0 Plays Today
Pts/G: Player: % Correct
50.4Wilt Chamberlain (31,419)
99%
35.4Kobe Bryant (33,643)
98.7%
37.1Michael Jordan (32,292)
98.4%
31.3Jerry West (25,192)
96.7%
34.8Kareem Abdul-Jabbar (38,387)
96.2%
32.0Kevin Durant (19,121)
95.9%
31.4LeBron James (28,787)
95.9%
30.2Dwyane Wade (21,317)
94.3%
33.0Allen Iverson (24,368)
94.1%
31.1Moses Malone (27,409)
93.5%
31.0Karl Malone (36,928)
93.3%
29.7Shaquille O'Neal (28,596)
93.1%
30.1Stephen Curry (13,088)
92.5%
29.9Larry Bird (21,791)
91.8%
26.6Dirk Nowitzki (30,260)
90.2%
32.1Tracy McGrady (18,381)
89.9%
28.6Patrick Ewing (24,815)
89%
33.1George Gervin (20,708)
88.2%
38.3Elgin Baylor (23,149)
88.1%
27.8Hakeem Olajuwon (26,946)
88.1%
26.8Paul Pierce (26,397)
87.7%
25.5Tim Duncan (26,496)
86.7%
29.1James Harden (13,618)
86.4%
30.7Dominique Wilkins (26,668)
85.9%
27.6Vince Carter (24,555)
85.1%
27.2Clyde Drexler (22,195)
84.1%
25.0Joe Johnson (20,033)
83.5%
28.3Charles Barkley (23,757)
82.7%
35.6Rick Barry (18,395)
80.7%
29.8Alex English (25,613)
80%
Pts/G: Player: % Correct
27.0DeMarcus Cousins (10,308)
78.6%
26.4Ray Allen (24,505)
77.7%
34.5Bob McAdoo (18,787)
77.4%
28.9John Havlicek (26,395)
77.4%
27.3DeMar DeRozan (11,456)
75%
26.0Amar'e Stoudemire (15,994)
74.3%
32.9Bernard King (19,655)
73.2%
28.7Elvin Hayes (27,313)
73%
29.3Gilbert Arenas (11,402)
72.5%
26.9Julius Erving (18,364)
71.4%
28.4George Mikan (10,156)
69.1%
26.1Kevin McHale (17,335)
67.8%
26.5Chris Mullin (17,911)
66.4%
34.0Nate Archibald (16,481)
62%
29.5Mark Aguirre (18,458)
61.4%
25.9Mitch Richmond (20,497)
58.4%
26.7Michael Redd (11,972)
57%
27.5Dale Ellis (19,004)
53%
27.1Dave Bing (18,327)
48.9%
25.7Bob Lanier (19,248)
48.1%
29.4Kiki Vandeweghe (15,980)
46%
31.6Walt Bellamy (20,941)
44.8%
25.8Earl Monroe (17,454)
40.3%
25.6Calvin Murphy (17,949)
37.3%
31.2Jack Twyman (15,840)
30%
29.2Spencer Haywood (14,592)
27.3%
25.2Paul Westphal (12,809)
25.9%
28.0Purvis Short (14,607)
20.1%
25.1Orlando Woolridge (13,623)
14.7%
25.4Charlie Scott (10,037)
11.3%

You're not logged in!

Compare scores with friends on all Sporcle quizzes.
OR
Log In

Sporcle TV

Today on Sporcle TV


Watch our educational content, quiz creation guides, and fun videos on Sporcle TV.

Show Comments

Extras

Top Quizzes Today


Score Distribution

Your Account Isn't Verified!

In order to create a playlist on Sporcle, you need to verify the email address you used during registration. Go to your Sporcle Settings to finish the process.

Report this User

Report this user for behavior that violates our Community Guidelines.

Details: